MARC

LEADER 00000nam0a2200000 4500
001 311984
005 20231102002435.0
035 |a (RuTPU)RU\TPU\book\337351 
090 |a 311984 
100 |a 20151215d1982 km y0rusy50 ca 
101 0 |a rus 
102 |a KZ 
105 |a a z 001zy 
200 1 |a Агломерация фосфоритов  |f Н. С. Шумаков, А. М. Кунаев  |g Академия наук Казахской ССР (АН КазССР), Институт металлургии и обогащения (ИМО) 
210 |a Алма-Ата  |c Наука  |d 1982 
215 |a 264 с.  |c ил. 
320 |a Библиогр.: с. 249-262 
606 1 |a Фосфориты  |x Агломерация  |2 stltpush  |3 (RuTPU)RU\TPU\subj\64180  |9 81096 
610 1 |a фосфор 
610 1 |a производство 
610 1 |a шихтовые материалы 
610 1 |a подготовка 
610 1 |a требования 
610 1 |a дробление 
610 1 |a окускование 
610 1 |a спекаемые слои 
610 1 |a газодинамика 
610 1 |a горение 
610 1 |a минералогический состав 
610 1 |a агломераты 
675 |a 622.364  |v 4 
700 1 |a Шумаков  |b Н. С.  |g Николай Сергеевич 
701 1 |a Кунаев  |b А. М.  |g Аскар Минлиахмедович 
712 0 2 |a Академия наук Казахской ССР (АН КазССР)  |b Институт металлургии и обогащения (ИМО)  |c (Алма-Ата)  |2 stltpush  |3 (RuTPU)RU\TPU\col\6343 
801 1 |a RU  |b 63413507  |c 20151215 
801 2 |a RU  |b 63413507  |c 20191121  |g RCR 
942 |c BK